000 00573nam a2200229Ia 4500
003 OSt
005 20221002055124.0
006 a|||||r|||| 00| 0
007 ta
008 220930b |||||||| |||| 00| 0 per d
024 _a72424
037 _cReference Collections
040 _aCRL
_cCRL
_bper
041 _2per
_aper
082 _aO164, N4(RR)
245 0 _aDiwan-e-Mushfaqi
246 _aPhotocopy of Persian Manuscripts
260 _c1954
650 _aMANUSCRIPTS
942 _hO164, N4(RR)
_cref
_2CC
999 _c926843
_d926843